00413pam a2200145a 44500008004100000020003000041082002100071100002200092245004400114250001200158260004500170300001200215700001900227700002100246230405s2013 xxu||||| |||| 00| 0 eng d a9781435489097cRs. 5708/- a615.1024613bBRO aBroyles,Bonita E. aPharmacological Aspects of Nursing Care a8th Ed. aAustraliabDelmar Cengage Learningc2013 a1510 p. aEvans,Mary E.  aReiss,Barry S.